00917nam a22002657a 4500003000400000005001700004008004100021020001800062040003400080082002000114100002100134245009600155246004200251250004500293264002800338300002800366490002200394504003700416650003500453650002500488650002800513650005600541700002300597700003100620OSt20220516142831.0191119e201904 pe a b 000 0 spa  a9786124431579 cBiblioteca Municipal de Cusco a324.22/L54bL54 aLevitsky, Steven a¿Por qué no hay partidos políticos en el Perú? /cSteven Levitsky, Mauricio Zavaleta3 aDoce mitos de una región sin nombre aPrimera edición, segunda reimpresión 1aLima :bPlaneta,c2020. a82 páginas. :c19 cm. aPerú breve ;v2 aBibliografía: páginas 75-82. aPolíticosySiglo XXIzPerú aPartidos políticos aAfiliación política aTácticas políticasxHistoriaySiglo XXIzPerú aZavaleta, Mauricio aVergara, Albertoedirector